[Event "ROM-ch U10 Boys"]
[Site "Voineasa"]
[Date "2008.04.16"]
[Round "7"]
[White "Lupascu, Alin Mihnea"]
[Black "Ulmeanu, Tudor"]
[Result "0-1"]
[WhiteElo "401"]
[BlackElo "401"]
[PlyCount "72"]
[EventDate "2008.04.08"]
[EventType "swiss"]
[EventRounds "9"]
[EventCountry "ROU"]
[SourceTitle "EXT 2013"]
[Source "ChessBase"]
[SourceDate "2012.11.22"]
[SourceVersion "1"]
[SourceVersionDate "2012.11.22"]
[SourceQuality "1"]

1. e4 d5 2. exd5 Qxd5 3. Nc3 Qd6 4. Bb5+ Bd7 5. Bxd7+ Qxd7 6. Nf3 e6 7. 0-0 Bb4 8. a3 Bxc3 9. dxc3 Qc6 10. Ne5 Qe4 11. Re1 Qf5 12. Qd2 Nf6 13. Rd1 Nc6 14. Nd7 Ne4 15. Qe3 Rd8 16. Qd3 Nxf2 17. Qxf5 exf5 18. Kxf2 Rxd7 19. Rxd7 Kxd7 20. Be3 a6 21. Rd1+ Kc8 22. Kf3 Ne5+ 23. Kf4 Ng4 24. Bd4 Rd8 25. Rd3 g6 26. h3 Nh2 27. Kg5 h6+ 28. Kxh6 f4 29. Kg7 Rd5 30. Kxf7 Rf5+ 31. Kxg6 Rf8 32. Bf2 f3 33. gxf3 Nxf3 34. Kh5 Ne5 35. Bh4 Rh8+ 36. Kg5 Nxd3 0-1

[Event "ROM-ch U10 Boys"]
[Site "Voineasa"]
[Date "2008.04.13"]
[Round "3"]
[White "Marcu Grof, Sebastian"]
[Black "Ulmeanu, Tudor"]
[Result "1-0"]
[WhiteElo "401"]
[BlackElo "401"]
[PlyCount "67"]
[EventDate "2008.04.08"]
[EventType "swiss"]
[EventRounds "9"]
[EventCountry "ROU"]
[SourceTitle "EXT 2013"]
[Source "ChessBase"]
[SourceDate "2012.11.22"]
[SourceVersion "1"]
[SourceVersionDate "2012.11.22"]
[SourceQuality "1"]

1. e4 d5 2. Nc3 d4 3. Na4 e5 4. Nf3 Nc6 5. Bc4 Nf6 6. Ng5 Be6 7. Bxe6 fxe6 8. Nxe6 Qd7 9. Nxf8 Rxf8 10. Nc5 Qd6 11. Nxb7 Kf7 12. Nxd6+ Kg8 13. 0-0 Rae8 14. Nb5 Nxe4 15. d3 Nf6 16. Bg5 Rb8 17. Nxa7 Nxa7 18. Bxf6 Rxf6 19. Qd2 Rxb2 20. Qa5 Nb5 21. c4 Nc3 22. Qxc7 Ne2+ 23. Kh1 e4 24. dxe4 d3 25. Qd8+ Rf8 26. Qxd3 Nf4 27. Qc3 Re2 28. c5 Rc8 29. Qc4+ Kf8 30. e5 g5 31. Rab1 h5 32. Rb7 Ke8 33. Qf7+ Kd8 34. Qd7# 1-0

[Event "ROM-ch U10 Boys"]
[Site "Voineasa"]
[Date "2008.04.13"]
[Round "2"]
[White "Ulmeanu, Tudor"]
[Black "Herastrau, Mircea Peter"]
[Result "0-1"]
[WhiteElo "401"]
[BlackElo "401"]
[PlyCount "88"]
[EventDate "2008.04.08"]
[EventType "swiss"]
[EventRounds "9"]
[EventCountry "ROU"]
[SourceTitle "EXT 2013"]
[Source "ChessBase"]
[SourceDate "2012.11.22"]
[SourceVersion "1"]
[SourceVersionDate "2012.11.22"]
[SourceQuality "1"]

1. d4 d5 2. c4 Nf6 3. Nc3 e6 4. Nf3 Nc6 5. g3 Bd6 6. Bg2 0-0 7. 0-0 Qe8 8. b3 e5 9. dxe5 Bxe5 10. Nxe5 Qxe5 11. Bb2 d4 12. Nb5 Rd8 13. e3 a6 14. exd4 Qe8 15. d5 axb5 16. dxc6 Rxd1 17. Raxd1 bxc6 18. cxb5 cxb5 19. Bxa8 h6 20. Rfe1 Qf8 21. Rd2 Bd7 22. Bxf6 gxf6 23. Rxd7 Qxa8 24. Red1 Qxa2 25. Rxc7 Qxb3 26. Rd8+ Kg7 27. Rdd7 b4 28. Rxf7+ Qxf7 29. Rxf7+ Kxf7 30. Kf1 b3 31. Ke1 b2 32. f4 b1Q+ 33. Kf2 Qb2+ 34. Kf3 Qxh2 35. Ke4 Qxg3 36. Kf5 Qd3+ 37. Kg4 Qg6+ 38. Kf3 h5 39. f5 Qxf5+ 40. Kg2 Qg4+ 41. Kh2 f5 42. Kh1 f4 43. Kh2 f3 44. Kh1 Qg2# 0-1